Сад камней; Мудрость Китая и Японии: пер. с кит., яп.

Détails bibliographiques
Langue:russe
Publié: СПб., Паритет, 2000
Sujets:
Format: Livre
KOHA link:https://koha.lib.tpu.ru/cgi-bin/koha/opac-detail.pl?biblionumber=25500

MARC

LEADER 00000nam0a2200000 4500
001 25500
005 20231030201004.0
010 |a 5934370480 
035 |a (RuTPU)RU\TPU\book\25736 
035 |a BOOK00025811 
090 |a 25500 
100 |a 20011209d2000 k y0rusy50 ca 
101 1 |a rus  |c jap  |c chi 
102 |a RU 
105 |a a z 000zy 
200 1 |a Сад камней  |a Мудрость Китая и Японии  |e пер. с кит., яп. 
210 |a СПб.  |c Паритет  |d 2000 
215 |a 320 с.  |c ил. 
610 1 |a философия 
610 1 |a Восток 
610 1 |a китайская философия 
610 1 |a японская философия 
610 1 |a цитаты 
610 1 |a афоризмы 
610 1 |a мудрые мысли 
686 |a Ю3(5Кит)  |v LBC/SL-A  |2 rubbk 
686 |a Я438  |v LBC/SL-A  |2 rubbk 
686 |a Ю3(5Я)  |v LBC/SL-A  |2 rubbk 
801 0 |a RU  |b 63413507  |c 20011209  |g PSBO 
801 2 |a RU  |b 63413507  |c 20181010  |g PSBO 
942 |c BK